000
00320nam a22001217a 4500
999
_c
4724
_d
4724
008
250312b ||||| |||| 00| 0 eng d
020
_a
9780008652067
082
_a
930 NAT
100
_a
NATIONAL GEOGRAPHIC
_e
AUTHOR
245
_a
HISTORY
260
_a
WESTERHILL ROAD BISHOP BRIGGS,GLASGLOW G64 2QT
_b
COLLINS
942
_2
ddc